|
|
|
|
| LEADER |
00000cam a22000004a 4500 |
| 001 |
musev2_59488 |
| 003 |
MdBmJHUP |
| 005 |
20230905050119.0 |
| 006 |
m o d |
| 007 |
cr||||||||nn|n |
| 008 |
180705s2009 azu o 00 0 eng d |
| 020 |
|
|
|a 9780816538751
|
| 020 |
|
|
|z 9780816526819
|
| 035 |
|
|
|a (OCoLC)1080549399
|
| 040 |
|
|
|a MdBmJHUP
|c MdBmJHUP
|
| 100 |
1 |
|
|a Cameron, Catherine M.
|
| 245 |
1 |
0 |
|a Chaco and After in the Northern San Juan :
|b Excavations at the Bluff Great House /
|c Catherine M. Cameron.
|
| 264 |
|
1 |
|a Tucson :
|b University of Arizona Press,
|c 2009.
|
| 264 |
|
3 |
|a Baltimore, Md. :
|b Project MUSE,
|c 2019
|
| 264 |
|
4 |
|c ©2009.
|
| 300 |
|
|
|a 1 online resource (280 pages).
|
| 336 |
|
|
|a text
|b txt
|2 rdacontent
|
| 337 |
|
|
|a computer
|b c
|2 rdamedia
|
| 338 |
|
|
|a online resource
|b cr
|2 rdacarrier
|
| 505 |
0 |
|
|a The Chaco phenomenon and the Bluff Great House project / Catherine M. Cameron -- The environmental and physical setting of the Bluff Great House site / William E. Davis and Deborah A. Westfall -- Chaco and post-Chaco in the northern San Juan region / Catherine M. Cameron -- A brief survey of great houses and related features in southeastern Utah / Winston B. Hurst and Jonathan D. Till -- Great houses in the northern San Juan region : the architecture and stratigraphy of the Bluff Great House / Catherine M. Cameron, with contributions by Jonathan D. Till [and others] -- Great kivas in the northern San Juan region : the architecture and stratigraphy of the Bluff Great Kiva / Catherine M. Cameron, with contributions by Christine G. Ward, Mark D. Mitchell, and Mark C. Bond -- Earthen architecture in the northern San Juan region : the Bluff Great House terrace and berm / Catherine M. Cameron, with contributions by Phil R. Geib -- Understanding the Bluff Great House site / Catherine M. Cameron.
|
| 588 |
|
|
|a Description based on print version record.
|
| 651 |
|
7 |
|a Utah
|z Bluff
|z Bluff Great House Site.
|2 fast
|0 (OCoLC)fst01896800
|
| 651 |
|
7 |
|a Utah
|z Bluff.
|2 fast
|0 (OCoLC)fst01286853
|
| 651 |
|
7 |
|a United States
|z San Juan River Valley.
|2 fast
|0 (OCoLC)fst01276877
|
| 651 |
|
0 |
|a San Juan River Valley (Colo.-Utah)
|x Antiquities.
|
| 651 |
|
0 |
|a Bluff Great House Site (Bluff, Utah)
|
| 650 |
|
7 |
|a Pueblos.
|2 fast
|0 (OCoLC)fst01083640
|
| 650 |
|
7 |
|a Kivas.
|2 fast
|0 (OCoLC)fst00987972
|
| 650 |
|
7 |
|a Indians of North America
|x Antiquities.
|2 fast
|0 (OCoLC)fst00969645
|
| 650 |
|
7 |
|a Excavations (Archaeology)
|2 fast
|0 (OCoLC)fst00917564
|
| 650 |
|
7 |
|a Chaco culture.
|2 fast
|0 (OCoLC)fst01201703
|
| 650 |
|
7 |
|a Antiquities.
|2 fast
|0 (OCoLC)fst00810745
|
| 650 |
|
0 |
|a Excavations (Archaeology)
|z San Juan River Valley (Colo.-Utah)
|
| 650 |
|
0 |
|a Kivas
|z San Juan River Valley (Colo.-Utah)
|
| 650 |
|
0 |
|a Pueblos
|z San Juan River Valley (Colo.-Utah)
|
| 650 |
|
0 |
|a Indians of North America
|z San Juan River Valley (Colo.-Utah)
|x Antiquities.
|
| 650 |
|
0 |
|a Chaco culture
|z San Juan River Valley (Colo.-Utah)
|
| 650 |
|
0 |
|a Chaco culture
|z Utah
|z Bluff.
|
| 655 |
|
7 |
|a Electronic books.
|2 local
|
| 710 |
2 |
|
|a Project Muse.
|e distributor
|
| 830 |
|
0 |
|a Book collections on Project MUSE.
|
| 856 |
4 |
0 |
|z Texto completo
|u https://projectmuse.uam.elogim.com/book/59488/
|
| 945 |
|
|
|a Project MUSE - Custom Collection
|
| 945 |
|
|
|a Project MUSE - Archive Complete Supplement VII
|
| 945 |
|
|
|a Project MUSE - Archive US Regional Studies, West Supplement VII
|